• 首页
  • 本馆介绍
  • 公告通知
  • 最新文献
  • 馆藏检索
  • 电子资源
  • 读者导购
  • 参考咨询
  • 我的图书馆
  • 登录
  • 详细信息显示
  • 放入我的书架
  • 预约/预借图书
  • 作者相关作品
  • 分类相关作品
  • 丛书相关作品
  • 出版社相关作品

书目信息

  • 表格格式
  • 工作单格式
  • 卡片格式
书名: Radiographic imaging for dental auxiliaries
作者: Dale A. Miles ... [et al.].
分册号:
分册名:
出版地: Philadelphia :
 
出版社: Saunders
出版时间: 1989.
页数: p. cm.
开本:
丛书名:
中图分类号:
科图分类号:
其他分类号: TB867
主题词:
电子资源:
000 00866cam a22003018a 450
001 E0762832798
005 20070512173751.73
008 880621s1989 pau 000 0 eng c
010    @a88018456
020    @a0721624103.
035    @A(DLC) 88018456
040    @aDNLM/DLC@cDLC@dDLC
050 00 @aRK309@b.R28 1989
060    @aWN 230 R1288
082 00 @a617.6/07572@2 19
090    @aTB867
099    @dTB867@ex9
245 00 @aRadiographic imaging for dental auxiliaries / @cDale A. Miles ... [et al.].
260    @aPhiladelphia :@bSaunders,@c1989.
263    @a8811
300    @ap. cm.
650  2 @aRadiography, Dental.
650  0 @aTeeth@xRadiography.
650  0 @aDental auxiliary personnel.
650  2 @aDental Auxiliaries.
700 1  @aMiles, Dale A.
906    @a7@bcbu@corignew@d1@eocip@f19@gy-gencatlg
963    @aDot Pollock, 215-238-5511
    
    Radiographic imaging for dental auxiliaries / / Dale A. Miles ... [et al.].-Philadelphia : : Saunders, , 1989.
    p. cm.
    
    
    ISBN 0721624103.
    
●
相关链接 在E读中查询图书 在五车中查询图书 在当当中查询图书 在豆瓣中查询图书


正题名:Radiographic imaging for dental auxiliaries     索取号:TB867/x9         预约/预借

序号 登录号 条形码 馆藏地/架位号 状态 备注
1 0008243   300082434   第二样本阅览室/ [索取号:TB867/x9] 在馆    
2 0008244   300082443   第四借阅区/ [索取号:TB867/x9] 在馆    
唐山师范学院图书馆 欢迎您!
大连网信软件有限公司© 版权所有